00565nam a2200181Ia 4500003000900000008004100009020001800050040001600068080001500084100001900099245011700118260003800235300001500273650004100288650002100329650001400350700001900364IN-BaIIA211028s9999 xx 000 0 eng d a0-471-07100-5 cIIA Library a535.4bBER aBerne, Bruce J 0aDynamic light scatteringbwith applications to chemistry, biology and physicscBruce J. Berne and Robert Pecora. aNew YorkbJohn Wiley & Sonsc1976 avii, 376p. aAstronomy and astrophysics thesaurus aLight scattering aMolecules aPecora, Robert